| 000 | 00000nam 2200000zi 4500 |
| 001 | 9.943009 |
| 003 | CaOODSP |
| 005 | 20250324101601 |
| 006 | m o d f |
| 007 | cr |n |||||||| |
| 008 | 240909e19711005onc o f000 0|fre d |
| 040 | |aCaOODSP|bfre|erda|cCaOODSP |
| 041 | |afre|aeng |
| 043 | |an-cn--- |
| 086 | 1 |aRE22-108/1971-PDF |
| 245 | 00|aRegional Development Incentives Act : |ba summary of offers accepted to 30 June 1971 = Loi sur les subventions au développement régional : un compte rendu des offres acceptées au 30 juin 1971. |
| 246 | 11|aLoi sur les subventions au développement régionale : |bcompte rendu des offres acceptées au 30 juin 1971 |
| 264 | 1|a[Ottawa] : |bExpansion économique régionale Canada = Regional Economic Expansion Canada, |cle 5 octobre 1971. |
| 300 | |a1 ressource en ligne (63 pages) |
| 336 | |atexte|btxt|2rdacontent/fre |
| 337 | |ainformatique|bc|2rdamedia/fre |
| 338 | |aressource en ligne|bcr|2rdacarrier/fre |
| 500 | |aÉdition numérisée de l'imprimé [par Innovation, Sciences et Développement économique Canada]. |
| 546 | |aTexte en anglais et en français. |
| 610 | 16|aCanada. |tLoi sur les subventions au développement régional. |
| 650 | 6|aSubventions|zCanada. |
| 710 | 1 |aCanada. |bExpansion économique régionale, |eorganisme de publication. |
| 791 | |tRegional Development Incentives Act : |eeng|w(CaOODSP)9.899264 |
| 856 | 40|qPDF|s1942 Ko|uhttps://publications.gc.ca/collections/collection_2024/isde-ised/re22/RE22-108-1971.pdf |